<?xml version="1.0" encoding="UTF-8"?>
<record
    xmlns:xsi="http://www.w3.org/2001/XMLSchema-instance"
    xsi:schemaLocation="http://www.loc.gov/MARC21/slim http://www.loc.gov/standards/marcxml/schema/MARC21slim.xsd"
    xmlns="http://www.loc.gov/MARC21/slim">

  <leader>01508nmm a2200145 a 4500</leader>
  <controlfield tag="001">ASINB009D6OK3K</controlfield>
  <controlfield tag="005">20150915100043.0</controlfield>
  <controlfield tag="008">150915s2012    xxu                 eng d</controlfield>
  <datafield tag="100" ind1="1" ind2=" ">
    <subfield code="a">Zwemer, Samuel.</subfield>
  </datafield>
  <datafield tag="245" ind1="1" ind2="4">
    <subfield code="a">The moslem doctrine of god</subfield>
    <subfield code="h">[electronic resource] /</subfield>
    <subfield code="c">Samuel Zwemer.</subfield>
  </datafield>
  <datafield tag="300" ind1=" " ind2=" ">
    <subfield code="a">1 online resource (124 p.)</subfield>
  </datafield>
  <datafield tag="500" ind1=" " ind2=" ">
    <subfield code="a">Kindle eBook.</subfield>
  </datafield>
  <datafield tag="520" ind1=" " ind2=" ">
    <subfield code="a">Samuel Zwemer (1867-1852) was an American missionary to the Middle East and an avid writer, speaker and teacher. He was known as the &#x201C;Apostle to Islam&#x201D; for his untiring efforts to reach them with the Good News of Jesus Christ. THE MOSLEM DOCTRINE OF GOD (1905) is an in-depth study on basic Moslem understanding of Allah. Zwemer was well versed in Islamic thought and knew their texts and Arabic sources incredibly well. He obviously comes at things from a Christian perspective and compares what the Koran says about Allah to what the Bible speaks of God. Though over a century old, very informative and captures the essence of "Moslem Doctrine" in an accurate and concise way. 8 chapters entitled: &#x2022; There is no God but Allah &#x2022; Allah, the Divine Essence &#x2022; The 99 Beautiful Names of Allah &#x2022; Allah's attributes analyzed and examined &#x2022; The relation of Allah to His world &#x2022; Mohammedan ideas of the Trinity &#x2022; Predestination vs. Fatalism &#x2022; The Completed Idea and its Insufficiency * Formatted, spell-checked, fully searchable and with an optimized</subfield>
  </datafield>
  <datafield tag="856" ind1=" " ind2=" ">
    <subfield code="3">Amazon.com</subfield>
    <subfield code="u">http://www.amazon.com/exec/obidos/ASIN/B009D6O</subfield>
  </datafield>
  <datafield tag="999" ind1=" " ind2=" ">
    <subfield code="c">14037</subfield>
    <subfield code="d">14037</subfield>
  </datafield>
  <datafield tag="952" ind1=" " ind2=" ">
    <subfield code="0">0</subfield>
    <subfield code="1">0</subfield>
    <subfield code="4">0</subfield>
    <subfield code="7">0</subfield>
    <subfield code="a">QUESTCL</subfield>
    <subfield code="b">QUESTCL</subfield>
    <subfield code="d">2015-09-15</subfield>
    <subfield code="g">655.00</subfield>
    <subfield code="l">0</subfield>
    <subfield code="o">297.211ZWE</subfield>
    <subfield code="p">11789</subfield>
    <subfield code="r">2015-09-15 00:00:00</subfield>
    <subfield code="w">2015-09-15</subfield>
    <subfield code="y">BK</subfield>
  </datafield>
</record>
